书目信息 |
| 题名: |
焊接技术问答
|
|
| 作者: | 焊接技术问答编写小组编 | |
| 分册: | ||
| 出版信息: | 哈尔滨 黑龙江科学技术出版社 1981 |
|
| 页数: | 147页 | |
| 开本: | 19cm | |
| 丛书名: | ||
| 单 册: | ||
| 中图分类: | TG44 | |
| 科图分类: | ||
| 主题词: | 焊接--问答 | |
| 电子资源: | ||
| ISBN: | ||
| 000 | 00556nam0 2200217 45 | |
| 001 | 0181000217 | |
| 005 | 20060731081843.95 | |
| 010 | @dCNY0.45 | |
| 091 | @a15217.018 | |
| 100 | @a19950706d1981 em y0chiy0121 ea | |
| 101 | 0 | @achi |
| 102 | @aCN@b230000 | |
| 105 | @ay z 000yy | |
| 200 | 10 | @a焊接技术问答@Ahan jie ji shu wen da@f焊接技术问答编写小组编 |
| 210 | @a哈尔滨@c黑龙江科学技术出版社@d1981 | |
| 215 | @a147页@d19cm | |
| 606 | @a焊接@x问答 | |
| 690 | @aTG44@v3 | |
| 801 | 2 | @aCN@bNLC@c20060731 |
| 801 | 0 | @aCN@bTSSF |
| 905 | @a10447@dTG44@e18 | |
| 焊接技术问答/焊接技术问答编写小组编.-哈尔滨:黑龙江科学技术出版社,1981 |
| 147页;19cm |
| ISBN :CNY0.45 |
| ● |
| 相关链接 |
|
|
|
|
正题名:焊接技术问答
索取号:TG44/18
 
预约/预借
| 序号 | 登录号 | 条形码 | 馆藏地/架位号 | 状态 | 备注 |
| 1 | 0439041 | 204390417 | 密集书库/ [索取号:TG44/18] | 在馆 |